|
|
|
|
| LEADER |
00000nam a2200000Ii 4500 |
| 001 |
DIGUPERCA0069 |
| 003 |
NyNyDIG |
| 006 |
m o d |
| 007 |
cr ||||||||||| |
| 008 |
220705s2015 pe o 000 0 spa d |
| 035 |
|
|
|a (OCoLC)994854312
|
| 040 |
|
|
|a DGITA
|b eng
|e rda
|e pn
|c DGITA
|
| 020 |
|
|
|a 9786123180317
|q versión pdf
|
| 020 |
|
|
|a 9786123180324
|q versión ePub
|q versión mobi
|
| 020 |
|
|
|z 9786123180300
|q versión impresa
|
| 050 |
1 |
4 |
|a BF448 ebook
|
| 082 |
0 |
4 |
|a 153.83
|
| 100 |
1 |
|
|a Galdos, Gonzalo,
|e author.
|
| 245 |
1 |
0 |
|a Toma de decisiones :
|b elecciones acertadas para el éxito personal y profesional /
|c Gonzalo Galdos.
|
| 250 |
|
|
|a Versión ebook.
|
| 264 |
|
1 |
|a Lima, Perú :
|b Universidad Peruana de Ciencias Aplicadas,
|c 2015.
|
| 300 |
|
|
|a 1 online resource.
|
| 336 |
|
|
|a text
|b txt
|2 rdacontent
|
| 337 |
|
|
|a computer
|b c
|2 rdamedia
|
| 338 |
|
|
|a online resource
|b cr
|2 rdacarrier
|
| 347 |
|
|
|a text file
|2 rdaft
|
| 347 |
|
|
|b PDF
|
| 347 |
|
|
|b EPUB
|
| 588 |
0 |
|
|a Online resource; title from PDF title page (Digitalia, viewed July 5, 2022)
|
| 650 |
|
0 |
|a Decision making.
|
| 650 |
|
0 |
|a Success.
|
| 655 |
|
0 |
|a Electronic books.
|
| 791 |
2 |
|
|a Digitalia (Firm),
|e distributor.
|
| 793 |
0 |
|
|g Digitalia eBook Collection:
|a Universidad Peruana de Ciencias Aplicadas
|
| 776 |
0 |
8 |
|i Print version:
|a Galdos, Gonzalo.
|t Toma de decisiones.
|b Segunda edición.
|d Lima, Perú : Universidad Peruana de Ciencias Aplicadas, [2015]
|z 9786123180300
|
| 856 |
4 |
0 |
|3 Digitalia Hispánica
|u https://www.digitaliapublishing.com/a/45625/
|
| 910 |
|
|
|a Premium collection: 2022
|